|
|
|
|
| LEADER |
00000nab a2200000uu 4500 |
| 001 |
vtls011143418 |
| 003 |
SK-MaSNL |
| 005 |
20260303111606.0 |
| 008 |
230121|1954 xo |||||||||||||||||cze| |
| 015 |
|
|
|a SNBRB
|
| 035 |
|
|
|a (urnnbn)urn:nbn:sk:snk:ar-008gpk
|
| 035 |
|
|
|a (uuid)fe6bbdb0-ce3b-49db-828b-fac039192879
|
| 035 |
|
|
|a urn:nbn:sk:snk-abauob
|
| 040 |
|
|
|a SNKBUCL
|b slo
|c SNKBUCL
|e AACR2
|
| 041 |
0 |
|
|a cze
|
| 044 |
|
|
|a xo
|c SK
|
| 100 |
1 |
|
|a Baziková, Věra
|4 aut
|9 1123201
|
| 245 |
1 |
0 |
|a Jesle
|c Věra Baziková
|
| 773 |
0 |
|
|t Předškolní výchova
|g Roč. 8, č. 4-5 (1954), s. 177-180
|
| 954 |
|
|
|a odborná, vedecká literatúra cudzojazyčná (svetová)
|2 lita
|
| 958 |
|
|
|a OND
|
| 958 |
|
|
|a EUIPO
|
| 958 |
|
|
|a article14
|
| 999 |
|
|
|c 1878521
|d 1880451
|